| 000 | 00402nam a22001577a 4500 | ||
|---|---|---|---|
| 999 |
_c1976 _d1976 |
||
| 008 | 200210b ||||| |||| 00| 0 eng d | ||
| 082 | 0 | 0 |
_a621.3 _bD269 |
| 100 |
_91563 _aDawes,Chester L. |
||
| 245 | 1 | 0 |
_aIndustrial electricity, Part -II _cby Chester L Dawes |
| 250 | _a2nd | ||
| 260 |
_aNew York _bMcGraw-Hill _c1942 |
||
| 300 | _axvii,523p. | ||
| 365 | _d19.08 | ||
| 650 | 0 | _aElectricity | |
| 942 | _cBK | ||